• 首页
  • 本馆介绍
  • 公告通知
  • 最新文献
  • 馆藏检索
  • 电子资源
  • 读者导购
  • 参考咨询
  • 我的图书馆
  • 登录
  • 详细信息显示
  • 放入我的书架
  • 预约/预借图书
  • 作者相关作品
  • 分类相关作品
  • 丛书相关作品
  • 出版社相关作品

书目信息

  • 表格格式
  • 工作单格式
  • 卡片格式
题名:
马克思主义经济危机理论发展史
    
 
作者: 胡莹, 著
分册:  
出版信息: 北京   社会科学文献出版社  2018
页数: 222页
开本: 24cm
丛书名:
单 册:
中图分类: A811.66
科图分类:
主题词: 马克思主义政治经济学--ma ke si zhu yi zheng zhi jing ji xue--经济危机--研究
电子资源:
ISBN: 978-7-5201-2460-7
000 01403nam0 2200265 45
001 012001004991
005 20140928162858.0
010    @a978-7-5201-2460-7@dCNY68.00
100    @a20180517d2018 em y0chiy50 ea
101 0  @achi
102    @aCN@b110000
105    @ay a 000yy
106    @ar
200 1  @a马克思主义经济危机理论发展史@9ma ke si zhu yi jing ji wei ji li lun fa zhan shi@d= History of Marxist economic crisis theory@f胡莹著@zeng
210    @a北京@c社会科学文献出版社@d2018
215    @a222页@d24cm
314    @a胡莹, 中国人民大学马克思主义学院法学博士。
320    @a有书目 (第216-220页)
330    @a本书按照马克思主义产生以来资本主义发展所经历的四个主要的历史阶段, 根据每一阶段资本主义社会生产力水平和生产关系发展的主要特点, 在分析各阶段资本主义基本矛盾的具体特点和表现形式的基础上, 展开对该阶段马克思主义经济危机理论的述评, 由此构建课题研究的“历史内容”。在这一“历史内容”的基础上, 回顾和梳理了马克思主义危机理论发展史上存在争议的几大理论问题, 在逻辑中重现关于重大问题的学术争鸣。最后, 在将历史、理论和现实结合起来的基础上, 总结出马克思主义经济危机理论发展的总体特点和基本规律。
510 1  @aHistory of Marxist economic crisis theory@zeng
606 0  @a马克思主义政治经济学@9ma ke si zhu yi zheng zhi jing ji xue@x经济危机@x研究
690    @aA811.66@v5
701  0 @a胡莹,@9hu ying@f1980-@4著
801  0 @aCN@b上海新华@c20180901
905    @b1172079-83@dA811.66@e345@f5
    
    马克思主义经济危机理论发展史= History of Marxist economic crisis theory/胡莹著.-北京:社会科学文献出版社,2018
    222页;24cm
    
    
    ISBN 978-7-5201-2460-7:CNY68.00
    本书按照马克思主义产生以来资本主义发展所经历的四个主要的历史阶段, 根据每一阶段资本主义社会生产力水平和生产关系发展的主要特点, 在分析各阶段资本主义基本矛盾的具体特点和表现形式的基础上, 展开对该阶段马克思主义经济危机理论的述评, 由此构建课题研究的“历史内容”。在这一“历史内容”的基础上, 回顾和梳理了马克思主义危机理论发展史上存在争议的几大理论问题, 在逻辑中重现关于重大问题的学术争鸣。最后, 在将历史、理论和现实结合起来的基础上, 总结出马克思主义经济危机理论发展的总体特点和基本规律。
●
相关链接 在E读中查询图书 在五车中查询图书 在当当中查询图书 在豆瓣中查询图书


正题名:马克思主义经济危机理论发展史     索取号:A811.66/345         预约/预借

序号 登录号 条形码 馆藏地/架位号 状态 备注
1 1172079   211720798   第一样本阅览室/ [索取号:A811.66/345] 在馆    
2 1172080   211720805   第一借阅区/ [索取号:A811.66/345] 在馆    
3 1172081   211720814   第一借阅区/ [索取号:A811.66/345] 在馆    
4 1172082   211720823   第一借阅区/ [索取号:A811.66/345] 在馆    
5 1172083   211720832   第一借阅区/ [索取号:A811.66/345] 在馆    
唐山师范学院图书馆 欢迎您!
大连网信软件有限公司© 版权所有